000 00876nam a2200265Ia 4500
003 OSt
005 20220925215648.0
006 a|||||r|||| 00| 0
007 ta
008 220923b |||||||| |||| 00| 0 eng d
037 _cGeneral Book
040 _aRTL
_cRTL
_beng
041 _2eng
_aeng
082 _aY31:6.46.N7, L2
100 _aAntoun Richard
_9283261
245 0 _aRural politics and social change in the middle east
260 _aLondon
_bIndiana University Press
_c1972
300 _axiv, 498p
_ccm.
490 _aInternational Development Research Centre, Studies in Development. Ed by George J Stolnitz.5
500 _aBibliography: P 474-98
650 _aRural Social Change
_9232348
700 _a Harik Iliya Ed.
_9283262
942 _hY31:6.46.N7, L2
_cGB
_2CC
999 _c569386
_d569386